000 00776cab a2200229 4500
001 X90613
008 090401t1998 xxu||||| |||| 00| 0 eng d
035 _a(Sirsi) u85082
041 _aeng
245 _aDelaware Mansions Ltd and Flecksun Ltd v Westminster CC
260 _c1998
350 _a0
490 _aNew Property Cases
_v[1998] NPC 43
520 _aQB 12 March 1998. Damage caused to leasehold property by encroaching tree roots. Liability in nuisance and negligence. Action brought by freeholders and management company. (Taken from headnote).
650 _aNEGLIGENCE
650 _aNUISANCE
650 _aSTRUCTURAL DAMAGE
650 _aTREE ROOTS
690 _aLANDLORD AND TENANT-CASE LAW-RESIDENTIAL TENANCIES
942 _n0
948 _c19/03/1998
999 _c53496
_d53496